[Event "It (cat.18)"]
[Site "masterchessopen.com Biel (Switzerland)"]
[Date "2007.07.27"]
[Round "4"]
[White "Motylev Alexander (RUS)"]
[Black "Carlsen Magnus (NOR)"]
[Result "0-1"]
[WhiteElo "2645"]
[BlackElo "2714"]

1.e4 e5 2.Nf3 Nc6 3.Bb5 a6 4.Ba4 Nf6 5.O-O Be7 6.Re1 b5 7.Bb3 O-O 8.c3 d6 9.h3
Nb8 10.d4 Nbd7 11.Nbd2 Bb7 12.Bc2 Re8 13.Nf1 Bf8 14.Ng3 g6 15.b3 c6 16.a4 Bg7
17.Ba3 d5 { N } ( 17...Qc7 18.dxe5 dxe5 19.Qd2 c5 20.Qe3 Bf8 21.Bb2 Bc6
22.axb5 axb5 23.Rxa8 Rxa8 24.Bb1 c4 25.b4 Qa7 26.Qd2 Qb7 27.Bc1 Ra1 28.Bb2 Ra6
29.Bc1 Ne8 30.Nh2 h5 31.Nf3 Ng7 32.Kh2 Ne6 33.Nf1 Ra1 34.Bb2 Ra7 35.g3 Qa8
36.Qe3 Be7 37.N1d2 Bd8 38.Kg1 Bb6 39.Qe2 Kg7 40.Nh4 Qd8 41.Ng2 Ng5 42.Kh2 Nf6
43.Nf3 Nfxe4 44.Bxe4 Nxe4 45.Nxe5 Ba8 46.f3 Re7 47.Nxg6 fxg6 48.fxe4 Rxe4
49.Qc2 Rxe1 50.Nxe1 h4 51.Bc1 Qd5 52.Ng2 hxg3+ { 0-1, Raaste Eero J (FIN) 2360
- Yemelin Vasily (RUS) 2460, St. Petersburg (Russia) 1996 } ) 18.dxe5 Nxe5
19.Nxe5 Rxe5 20.f4 Re8 21.e5 Nd7 22.Bd6 c5 23.axb5 axb5 24.Rxa8 Bxa8 25.b4
cxb4 26.Bxb4 f6 27.Bb3 fxe5 28.Bxd5+ Bxd5 29.Qxd5+ Kh8 30.f5 Qb6+ 31.Kh2 Nf6
32.Qf7 e4 33.fxg6 Qb8 { DA } 34.gxh7 ( 34.Rf1 { ! } 34...Ng8 35.gxh7 Nh6
36.Qg6 Qe5 37.Rf4 Re6 38.Qxe4 Qxe4 39.Rxe4 Be5 40.Kg1 { +?? } ) 34...Qe5 { ? }
( 34...Rd8 { ! } 35.Qg6 Rd3 36.Bc5 Nh5 37.Re3 Nxg3 38.Rxg3 Rxg3 39.Qxg3 Qxg3+
40.Kxg3 Bxc3 41.Kf4 b4 42.Kxe4 b3 43.Kd3 Bf6 { 2 } ) 35.Bd6 { ?? } ( 35.Qg6 {
! } 35...Rd8 36.Rf1 Rd3 37.Bf8 Nxh7 38.Bxg7+ Qxg7 39.Qe8+ Qg8 40.Qxg8+ Kxg8
41.Nxe4 { +?? } ) 35...Qxd6 {#R} 0-1

[Event "It \"]
[Site "masterchessopen.com Peterhof (Russia)"]
[Date "2007.08.14"]
[Round "8"]
[White "Ivkina Olga (RUS)"]
[Black "Gantsevich Aleksei (RUS)"]
[Result "1-0"]
[WhiteElo "2270"]
[BlackElo "2023"]

1.e4 e5 2.Nf3 Nc6 3.Bb5 a6 4.Ba4 Nf6 5.O-O Be7 6.Re1 b5 7.Bb3 d6 8.c3 O-O 9.h3
Nb8 10.d4 Nbd7 11.Nbd2 Bb7 12.Bc2 Re8 13.Nf1 Bf8 14.Ng3 g6 15.b3 c6 16.Bg5 Qc7
17.Qd2 Bg7 18.Nh2 d5 19.dxe5 Nxe4 20.Bxe4 dxe4 21.Nxe4 h6 22.Nf6+ Nxf6 23.Bxf6
c5 24.Ng4 g5 25.Rad1 Qc6 26.f3 c4 27.Qd4 Bf8 28.b4 Re6 29.h4 h5 30.Qe3 hxg4
31.Qxg5+ Kh7 32.Qh5+ Bh6 33.Qxf7+ {#r} 1-0

[Event "It (open)"]
[Site "masterchessopen.com Stare Mesto (Czech Republic)"]
[Date "2007.08.15"]
[Round "7"]
[White "Omelka Roman (CZE)"]
[Black "Brokken Dennis (NED)"]
[Result "1-0"]
[WhiteElo "2121"]
[BlackElo "2266"]

1.e4 e5 2.Nf3 Nc6 3.Bb5 a6 4.Ba4 Nf6 5.O-O Be7 6.Re1 b5 7.Bb3 d6 8.c3 O-O 9.h3
Nb8 10.d4 Nbd7 11.Nbd2 c5 12.d5 c4 13.Bc2 Nc5 14.Nf1 Re8 15.Ng3 g6 16.Be3 Qc7
17.Qd2 Bf8 18.Rad1 Bg7 19.Bb1 a5 20.Bh6 Bxh6 21.Qxh6 Qe7 22.Nd2 Na4 23.Bc2
Nxb2 24.Rb1 Nd3 25.Bxd3 cxd3 26.Rxb5 Nd7 27.Re3 a4 28.Nf5 Qf6 29.Rg3 Nc5
30.Rf3 Bxf5 31.exf5 e4 32.fxg6 Qxg6 33.Rg3 Re5 34.Rxg6+ fxg6 35.c4 {#r} 1-0

[Event "Ch Serbia (team)"]
[Site "masterchessopen.com Zlatibor (Serbia)"]
[Date "2007.08.22"]
[Round "2"]
[White "Solodovnichenko Yuri (UKR)"]
[Black "Efimenko Zahar (UKR)"]
[Result "1-0"]
[WhiteElo "2564"]
[BlackElo "2624"]

{ } 1.e4 e5 2.Nf3 Nc6 3.Bb5 a6 4.Ba4 Nf6 5.O-O Be7 6.Re1 b5 7.Bb3 d6 8.c3 O-O
9.h3 Nb8 10.d4 Nbd7 11.Nbd2 Bb7 12.Bc2 c5 13.d5 g6 ( 13...Re8 14.Nf1 c4
15.N3h2 Bf8 16.g4 Nc5 17.g5 Nfd7 18.Qg4 Bc8 19.Qg3 Nb6 20.Ne3 Be7 21.h4 Ra7
22.Neg4 Kh8 23.f4 exf4 24.Bxf4 Bf8 25.Nf3 Bxg4 26.Qxg4 Nbd7 27.Rad1 Ne5
28.Nxe5 dxe5 29.Be3 Qd6 30.Rf1 Rb7 31.Rf3 Kg8 32.Rdf1 Rd7 33.h5 { ...1-0,
Meulders Richard 2245 - Wirthensohn Heinz 2392 , Zurich 8.1970 It (juniors)
(under 20) } ) ( 13...Nb6 14.Nf1 h6 15.Ng3 Bc8 16.b3 a5 17.a4 bxa4 18.bxa4 Kh7
19.Rb1 g6 20.Bd3 c4 21.Bc2 Nfd7 22.Qd2 g5 23.Nf5 Re8 24.Ba3 Qc7 25.h4 f6
26.hxg5 hxg5 27.Nxg5+ fxg5 28.Bxd6 Bxd6 29.Qxg5 Nf8 30.Qh6+ Kg8 31.Qxd6 Nxd5
32.exd5 Ra7 33.Qxc7 { ...1-0, Bayer Bernhard 2347 - Meszaros Andras 2355 ,
Passau 1996 It (open) } ) 14.Nf1 ( 14.a4 Nh5 15.Nf1 Bf6 16.b3 Bg7 17.Bg5 Qc7
18.g3 bxa4 19.Rxa4 Nb6 20.Ra3 a5 21.N3d2 Bc8 22.h4 Bd7 23.Qe2 Ra7 24.Rea1 Rfa8
25.Bd3 a4 26.Bb5 axb3 27.Bd8 Rxa3 28.Bxc7 Rxa1 29.Nxb3 R1a2 30.Nbd2 Rb2
31.Bxd7 Nxd7 32.Bxd6 Bh6 33.Be7 Nhf6 { ...0-1, Torre Eugenio 2450 - Gligoric
Svetozar 2585 , Manila 1974 Izt } ) 14...Nh5 { ? } 15.Bh6 Re8 ( 15...Ng7 16.g4
Nf6 17.Ng3 Kh8 18.a4 Ng8 19.Be3 c4 20.Kh2 Qb8 21.Qd2 Bc8 22.Ra3 f5 23.exf5
gxf5 24.gxf5 Nxf5 25.Nxf5 Bxf5 26.Nd4 Bxc2 27.Nc6 Qc8 28.f4 Qf5 29.axb5 axb5
30.Rxa8 Rxa8 31.fxe5 dxe5 32.Bd4 exd4 33.Nxe7 Qf6 34.Re6 Qg7 35.d6 { ...0-1,
Cheparinov Ivan 2576 - Adla Diego 2485 , Pontevedra 19. 8.2004 It (open) } )
16.Qd2 { +0.29 CAP } ( 16.b3 Bf6 17.a4 Bg7 18.Bg5 Qc7 19.g3 Nhf6 20.Qd2 Nb6
21.Ne3 h5 22.a5 Nbd7 23.Ng2 Nh7 24.Be3 Ndf6 25.c4 Bc8 26.Kh2 bxc4 27.bxc4 Bd7
28.Ng1 Rab8 29.Reb1 Kh8 30.f3 Ng8 31.Ne2 { 1/2-1/2, Hartston William R 2470 -
Gligoric Svetozar 2595 , Bath 1973 } ) 16...Qc7 { N } ( 16...Bf8 17.Be3 (
17.Bg5 f6 18.Be3 Ng7 19.Bh6 Nh5 20.Be3 Ng7 21.Bh6 { 1/2-1/2, Schoorl Rob 2280
- Timman T 2335 , Amsterdam 20. 7.2005 It (open) } ) 17...Bg7 18.Ng3 Nf4
19.Bxf4 exf4 20.Qxf4 b4 21.Qxd6 bxc3 22.b3 Re5 23.Rad1 a5 24.Bd3 Bf8 25.Qxd7
Qxd7 26.Nxe5 Qc7 27.Nc4 Bg7 28.Ne2 a4 29.Rc1 axb3 30.axb3 f5 31.Nxc3 fxe4
32.Bxe4 Rf8 33.Rc2 Qf4 34.Ree2 Bd4 35.d6 Ba6 36.Bd5+ { ...1-0, Ernst Thomas
2440 - Engqvist Thomas 2366 , Goteborg 1990 Ch Sweden } ) ( 16...Bf6 {
1/2-1/2, Varga Zoltan 2450 - Lukacs Peter 2475 , Budapest 1996 It (cat.7) } )
17.g4 Ng7 18.Ng3 c4 19.Re2 a5 20.Rf1 Ba6 21.Ne1 Rab8 22.f4 exf4 23.Qxf4 Ne5
24.Nf3 Rf8 25.Rg2 Bc8 26.Kh1 Kh8 { ?? } ( 26...Nxf3 27.Qxf3 f6 28.Ne2 Bd7
29.Nd4 b4 30.Kg1 Rb7 31.Re2 Qc5 { } ) 27.Nf5 { ? } ( 27.Nxe5 f6 28.Bxg7+ Kxg7
29.Nh5+ Kg8 30.Qh6 Bd8 31.Nc6 Rb7 32.e5 dxe5 33.Bxg6 hxg6 34.Qxg6+ { } )
27...gxf5 28.Nxe5 fxg4 29.Rxg4 { } {#r} 1-0

[Event "It \"]
[Site "masterchessopen.com Kuala Lumpur (Malaysia)"]
[Date "2007.08.24"]
[Round "7"]
[White "Tan Justin_ (AUS)"]
[Black "Inoue Sho (JPN)"]
[Result "0-1"]
[WhiteElo "2281"]
[BlackElo "1994"]

1.e4 e5 2.Nf3 Nc6 3.Bb5 a6 4.Ba4 Nf6 5.O-O b5 6.Bb3 Be7 7.Re1 d6 8.c3 O-O 9.h3
Nb8 10.d4 Nbd7 11.Nbd2 Bb7 12.Bc2 Re8 13.Nf1 Bf8 14.Ng3 g6 15.d5 c6 16.dxc6
Bxc6 17.Bb3 Nc5 18.Ng5 Nxb3 19.Qxb3 Ra7 20.Bd2 h6 21.Nf3 d5 22.Be3 Rd7 23.exd5
Bxd5 24.Qc2 Bxf3 25.gxf3 Nd5 26.Rad1 Nxe3 27.fxe3 Rxd1 28.Rxd1 Qg5 29.Qf2 Bc5
30.Rd3 f5 31.Kh2 f4 32.Nf1 fxe3 33.Nxe3 Qf4+ 34.Kg1 e4 35.fxe4 Qxe4 36.Qe2
Bxe3+ {#R} 0-1

[Event "Ch Russia (Higher League)"]
[Site "masterchessopen.com Krasnoyarsk (Russia)"]
[Date "2007.09.04"]
[Round "2"]
[White "Motylev Alexander (RUS)"]
[Black "Zakhartsov Viacheslav V (RUS)"]
[Result "1-0"]
[WhiteElo "2645"]
[BlackElo "2565"]

{ Motylev Alexander (RUS) +1 =4 -1 } 1.e4 e5 2.Nf3 Nc6 3.Bb5 a6 4.Ba4 Nf6
5.O-O Be7 6.Re1 b5 7.Bb3 d6 8.c3 O-O 9.h3 Nb8 10.d4 Nbd7 11.Nbd2 Bb7 12.Bc2
Re8 13.Nf1 Bf8 14.Ng3 g6 15.b3 c6 { ?/= } 16.Bg5 ( 16.a4 Bg7 17.Ba3 d5 18.dxe5
Nxe5 19.Nxe5 Rxe5 20.f4 Re8 21.e5 Nd7 22.Bd6 c5 23.axb5 axb5 24.Rxa8 Bxa8
25.b4 cxb4 26.Bxb4 f6 27.Bb3 fxe5 28.Bxd5+ Bxd5 29.Qxd5+ Kh8 30.f5 Qb6+ 31.Kh2
Nf6 32.Qf7 e4 33.fxg6 Qb8 34.gxh7 Qe5 35.Bd6 Qxd6 { ...0-1, Motylev Alexander
2648 - Carlsen Magnus 2710 , Biel 27. 7.2007 It (cat.18) } ) 16...Bg7 (
16...h6 17.Be3 Bg7 18.Qd2 Kh7 19.Nh2 Qc7 20.Ng4 Nxg4 21.hxg4 d5 22.g5 hxg5
23.Bxg5 exd4 24.cxd4 c5 25.Bf4 Qc8 26.e5 cxd4 27.Rac1 Qd8 28.Qxd4 Kg8 29.Nf1
Qh4 30.g3 Qe7 31.Bxg6 Nxe5 32.Bxe5 Bxe5 33.Qb6 Rab8 34.Bd3 Qg5 35.Qe3 Qf6
36.Qe2 { ...1/2-1/2, Leko Peter 2605 - Svidler Peter 2635 , Groningen 1995 It
(cat.17) } ) ( 16...Qc7 17.Qd2 Bg7 18.Rac1 Qd8 19.Bh6 Bxh6 20.Qxh6 Qe7 21.b4
Qf8 22.Qd2 Rad8 23.Rcd1 c5 24.d5 Nb6 25.a4 cxb4 26.cxb4 Nxa4 27.Bxa4 bxa4
28.Qa2 Rc8 29.Nd2 Rc7 30.Nc4 Rec8 31.Na5 h5 32.Qxa4 h4 33.Nf1 Nh5 34.Rb1 Ba8
35.Nb3 Nf4 36.Qxa6 { ...1/2-1/2, Markidis Konstantinos 2366 - Moutousis
Konstantinos 2445 , Athens 9. 3.2005 It (open) "Acropolis" } ) 17.Qd2 Qc7 (
17...Qe7 18.a4 Qf8 19.Kh1 Rac8 20.axb5 cxb5 21.Bd3 h6 22.Be3 exd4 23.cxd4 d5
24.e5 Ne4 25.Qb2 f5 26.exf6 Qxf6 27.Rac1 Ndc5 28.Bb1 Nxg3+ 29.fxg3 Ne4 30.Bf4
Qb6 31.Kh2 b4 32.Be5 Rc3 33.Rf1 Bxe5 34.Nxe5 Qxd4 35.Ng4 Rf8 36.Rcd1 Qg7
37.Bxe4 { ...1/2-1/2, Svidler Peter 2735 - Sasikiran Krishnan 2676 , Foros 26.
6.2007 It "Aerosvit" (cat.18) } ) ( 17...Nf8 18.a4 Qc7 19.b4 bxa4 20.Bxa4 Ne6
21.Be3 Re7 22.Reb1 h5 23.Bb3 Rae8 24.dxe5 dxe5 25.Bc4 c5 26.Qc2 cxb4 27.Rxb4
Nc5 28.Bxc5 Qxc5 29.Qb3 Bc8 30.Bxa6 Be6 31.Bc4 Rc8 32.Raa4 Bh6 33.Rb5 Qd6
34.Rb6 Rc6 35.Rxc6 Qxc6 36.Nxe5 Qd6 37.Nf3 { ...1/2-1/2, Svidler Peter 2689 -
Piket Jeroen 2649 , Internet 2000 It } ) 18.Bh6 ( 18.a4 d5 19.dxe5 Nxe5
20.Nxe5 Qxe5 21.Bf4 Qe6 22.e5 Nd7 23.Bh6 Bh8 24.f4 Qe7 25.Re3 Nf8 26.Rf1 c5
27.f5 d4 28.cxd4 cxd4 29.fxg6 hxg6 30.Nf5 gxf5 31.Rg3+ Ng6 32.Bxf5 Qxe5 33.Rg4
Bg7 34.Bxg6 fxg6 35.Rxg6 Re7 36.Rf4 Be4 37.Rg5 Qe6 { ...1-0, Carlsen Magnus
2570 - Shirov Alexei 2710 , Drammen 3. 1.2005 It (cat.14) } ) 18...Nf8 { +0.41
CAP } ( 18...Bh8 19.Rad1 Nf8 20.Ng5 Ne6 21.Nxe6 Rxe6 22.f4 exf4 23.Bxf4 c5
24.d5 Ree8 25.Nf5 gxf5 26.Bh6 Nh5 27.Qg5+ Ng7 28.exf5 f6 29.Qxf6 Qf7 30.Qg5
Qh5 31.f6 Qxg5 32.Bxg5 Nh5 33.Rf1 Rf8 34.Rf5 Bxf6 35.Bh6 Ng7 { 0-1,
Shavtvaladze Nikoloz 2215 - Shalamberidze Akaki 2405 , Tbilisi 1998 Ch Georgia
} ) 19.b4 { N } ( 19.a4 Ne6 20.b4 a5 21.Bxg7 Kxg7 22.axb5 cxb5 23.bxa5 Rec8
24.Bb3 Nf4 25.Re3 Re8 ( 25...h6 26.Qb2 Ra6 27.dxe5 dxe5 28.c4 bxc4 29.Bxc4
Rxa5 30.Rxa5 Qxa5 31.Nxe5 Rc7 32.Rf3 g5 33.Ng4 Rxc4 34.Qxf6+ Kf8 35.Rxf4 gxf4
36.Nf5 Rc1+ 37.Kh2 { 1-0, Al-Modiahki Mohamad 2577 - Kayumov Sergey 2404 ,
Doha 2003 Ch Asia } ) 26.Ng5 Rf8 27.Qa2 h6 28.Nf3 Ra6 29.Qa3 Rfa8 30.Qb4 Rxa5
31.Rxa5 Rxa5 32.Kh2 Nd7 33.Ne2 Nc5 34.Bc2 Nxe2 35.Rxe2 Ne6 36.Bb3 Nc5 37.Bc2
Ne6 { 1/2-1/2, Belov Vladimir 2598 - Khairullin Ildar 2538 , Tomsk 6. 9.2006
Ch Russia } ) ( 19.Bxg7 Kxg7 20.Qg5 Ng8 21.Nh5+ Kh8 22.Nf6 Nxf6 23.Qxf6+ Kg8
24.b4 a5 25.bxa5 Rxa5 26.Bb3 Qe7 27.Qxe7 { 1/2-1/2, Svidler Peter 2650 -
Yemelin Vasily 2460 , St. Petersburg 1996 Ch St. Petersburg } ) 19...Ne6
20.Bb3 Nd7 21.Bxg7 Kxg7 22.Bxe6 Rxe6 23.dxe5 dxe5 24.Rad1 Nb6 25.Nf5+ Kg8
26.Nh6+ Kg7 27.Nf5+ Kh8 28.Nd6 Kg8 29.Re3 Rf8 30.Rd3 Ba8 31.Qh6 f6 32.c4 c5 {
? } ( 32...Qg7 33.Qc1 Nd5 34.c5 Nf4 35.R3d2 Qc7 36.Qc3 Bb7 { } ) 33.bxc5 Qxc5
34.Nh4 Qc7 35.c5 Na4 36.Ndf5 Qd8 { } {#r} 1-0

[Event "Ch Europe (juniors) (under 12) (g)"]
[Site "masterchessopen.com Sibenik (Croatia)"]
[Date "2007.09.15"]
[Round "2"]
[White "Osmanodja Filiz (GER)"]
[Black "Gaboyan Susanna (ARM)"]
[Result "1-0"]
[WhiteElo "2071"]
[BlackElo "1849"]

1.e4 e5 2.Nf3 Nc6 3.Bb5 a6 4.Ba4 Nf6 5.O-O Be7 6.Re1 b5 7.Bb3 d6 8.c3 O-O 9.h3
Nb8 10.d4 Nbd7 11.Nbd2 Bb7 12.Bc2 Re8 13.Nf1 Bf8 14.Ng3 g6 15.Nh2 Bg7 16.f4 c5
17.Nf3 Ra7 18.fxe5 dxe5 19.dxc5 Ra8 20.Be3 Rc8 21.b4 Rc7 22.a4 Nf8 23.Qxd8
Rxd8 24.axb5 axb5 25.Ra5 Ra8 26.Rxa8 Bxa8 27.Ra1 Bc6 28.Nxe5 Bxe4 29.Nxe4 Nxe4
30.Bxe4 Bxe5 31.Bd4 Re7 32.Bc6 Bxd4+ 33.cxd4 Ne6 34.Rd1 Nf4 35.Bxb5 Nd5 36.Rd2
Nxb4 37.d5 {#r} 1-0

[Event "It (open)"]
[Site "masterchessopen.com Miami (USA)"]
[Date "2007.09.28"]
[Round "5"]
[White "Pruess David (USA)"]
[Black "Schneider Dmitry (USA)"]
[Result "0-1"]
[WhiteElo "2417"]
[BlackElo "2502"]

1.e4 e5 2.Nf3 Nc6 3.Bb5 a6 4.Ba4 Nf6 5.O-O Be7 6.Re1 b5 7.Bb3 d6 8.c3 O-O 9.h3
Nb8 10.d4 Nbd7 11.Nbd2 Bb7 12.Bc2 Re8 13.Nf1 Bf8 14.Ng3 g6 15.b3 Bg7 16.Bd3 d5
17.exd5 Nxd5 18.Bd2 b4 19.c4 Nc3 20.Bxc3 bxc3 21.Be4 Bxe4 22.Nxe4 exd4 23.Nxd4
Nc5 24.Nxc5 Rxe1+ 25.Qxe1 Qxd4 26.Ne4 Qe5 27.Ng3 Qxe1+ 28.Rxe1 Bh6 29.Nf1 c2
30.Ne3 Bxe3 {#R} 0-1

[Event "Ch World (juniors) (under 20)"]
[Site "masterchessopen.com Yerevan (Armenia)"]
[Date "2007.10.15"]
[Round "12"]
[White "Deepan Chakkravarthy J (IND)"]
[Black "Amin Bassem (EGY)"]
[Result "0-1"]
[WhiteElo "2492"]
[BlackElo "2561"]

{ Deepan Chakkravarthy J (IND) +0 =2 -0 Amin Bassem (EGY) +1 =1 -0 } 1.e4 e5
2.Nf3 Nc6 3.Bb5 a6 4.Ba4 Nf6 5.O-O Be7 6.Re1 b5 7.Bb3 O-O 8.c3 d6 9.h3 Nb8
10.d4 Nbd7 11.Nbd2 Bb7 12.Bc2 Re8 13.Nf1 ( 13.b3 Bf8 14.Bb2 g6 15.a4 Bg7 16.a5
c5 17.d5 Nh5 18.Nf1 f6 19.Bc1 Bc8 20.Kh2 Bf8 21.Ng1 Be7 22.Ne2 Nf8 23.Nfg3
Nxg3 24.Nxg3 Nd7 25.h4 Bf8 26.h5 Bg7 27.Rh1 Nf8 28.Kg1 Ra7 29.Be3 Rb7 30.Qd2
b4 31.hxg6 hxg6 32.c4 Bh8 { ...1/2-1/2, Deepan Chakkravarthy J 2396 - Kozak
Leonid 2307 , Nakhchivan 2003 Ch World (juniors) (under 20) } ) 13...Bf8
14.Ng3 g6 15.b3 { ?/= } 15...exd4 ( 15...d5 16.Bg5 h6 17.Bh4 g5 18.Nxg5 hxg5
19.Bxg5 exd4 20.e5 Rxe5 21.Rxe5 Nxe5 22.cxd4 Nc6 23.Nh5 Be7 24.Bxf6 Bxf6
25.Qd3 Bxd4 26.Qh7+ Kf8 27.Qh6+ Ke8 28.Re1+ Ne7 29.Bf5 Bc8 30.Qc6+ Kf8 31.Qh6+
{ 1/2-1/2, Chumfwa Stanley 2329 - Amin Bassem 2535 , Windhoek 2. 9.2007 Ch
Africa } ) ( 15...Bg7 16.d5 Rc8 17.c4 c6 18.Bd2 a5 19.Be3 Qc7 20.Bd3 bxc4
21.bxc4 Ba6 22.Bf1 Nc5 23.Bxc5 dxc5 24.Rb1 Bh6 25.Qc2 Rb8 26.Rxb8 Rxb8 27.dxc6
Bf4 28.Ne2 Qxc6 29.Nxf4 exf4 30.Qd2 Re8 31.e5 Nh5 32.Qxa5 Bb7 33.Nh2 f3
34.Nxf3 Nf4 35.Qd2 { ...1/2-1/2, Anand Viswanathan 2781 - Ponomariov Ruslan
2710 , Cap d'Agde 2003 It (active) (knockout) } ) ( 15...c6 16.Bg5 Bg7 17.Qd2
Qe7 18.a4 Qf8 19.Kh1 Rac8 20.axb5 cxb5 21.Bd3 h6 22.Be3 exd4 23.cxd4 d5 24.e5
Ne4 25.Qb2 f5 26.exf6 Qxf6 27.Rac1 Ndc5 28.Bb1 Nxg3+ 29.fxg3 Ne4 30.Bf4 Qb6
31.Kh2 b4 32.Be5 Rc3 33.Rf1 Bxe5 34.Nxe5 Qxd4 35.Ng4 { ...1/2-1/2, Svidler
Peter 2735 - Sasikiran Krishnan 2676 , Foros 26. 6.2007 It "Aerosvit" (cat.18)
} ) 16.cxd4 c5 ( 16...Bg7 17.Bb2 c5 { 1/2-1/2, Antoniewski Rafal 2405 -
Janocha Wieslaw 2375 , Krynica 1997 Ch Poland (team) } ) 17.d5 ( 17.Bb2 Bg7
18.Qd2 cxd4 19.Bxd4 Ne5 20.Nxe5 dxe5 21.Be3 Qxd2 22.Bxd2 Bf8 23.b4 Red8
24.Red1 Rac8 25.Bb3 Nxe4 26.Nxe4 Bxe4 27.Bg5 Rxd1+ 28.Rxd1 Bc6 29.a3 Kg7
30.Rc1 Bb7 31.Rxc8 Bxc8 32.Bd5 a5 33.bxa5 Bxa3 34.Kf1 f6 35.Be3 Kf8 36.Ke2 Bb4
{ ...1/2-1/2, Tzoumbas Anastasios 2352 - Stevic Hrvoje 2512 , Szombathely 1993
Ch Europe (juniors) (under 16) } ) 17...Bg7 18.Bg5 { -0.04 CAP N } ( 18.Rb1 a5
19.Bf4 Qc7 ( 19...Nb6 20.Bd3 Ba6 21.Qc2 Rc8 22.Nd2 Nfxd5 23.exd5 Nxd5 24.Rxe8+
Qxe8 25.Nh5 gxh5 26.Bxh7+ Kh8 27.Bxd6 Rc6 28.Ne4 Nb4 29.Qd1 Kxh7 30.Qxh5+ Kg8
31.Re1 Qd7 32.Qg5 Rxd6 33.Nxd6 Qxd6 34.Re8+ Kh7 35.Qh5+ Qh6 36.Qxf7 Nd5 37.Re6
Nf6 { ...1/2-1/2, Smikovski Ivan 2552 - Gasanov Eldar 2477 , Voronezh 19.
6.2007 It (open) } ) 20.Bd3 Ba6 21.a4 c4 22.bxc4 bxc4 23.Bc2 c3 24.Re3 Nb6
25.Nd4 Nfd7 26.Ndf5 Be5 27.Nh6+ Kf8 28.Bxe5 Nxe5 29.Qd4 Nbc4 30.Rxc3 Qa7
31.Qxa7 Rxa7 32.Ng4 Nd7 33.f3 h5 34.Nf2 Rc8 35.Ne2 Na3 36.Rxc8+ Bxc8 37.Rc1
Rc7 { ...1/2-1/2, Morozevich Alexander 2747 - Mamedyarov Shakhriyar 2728 ,
Moscow 14.11.2006 Memorial M.Tal (cat.20) } ) ( 18.Bf4 Qb6 ( 18...Qc7 19.Qd2
a5 20.Bh6 Bh8 21.a4 bxa4 22.bxa4 c4 23.Nd4 Ba6 24.Nc6 Nc5 25.Qf4 Nfd7 26.Nf5
Ne5 27.Rad1 Nxc6 28.dxc6 Be5 29.Qg4 Bc8 30.f4 Bc3 31.Re2 Bh8 32.Qf3 Bxf5
33.exf5 Nd3 34.Rxe8+ Rxe8 35.Bxd3 cxd3 36.Rxd3 Bf6 37.Qd5 Qb6+ { ...1-0,
Soltanici Ruslan 2358 - Zoler Dan 2465 , Predeal 8.2007 It (open) } ) 19.a4
Nf8 20.Qd2 N6d7 21.Rac1 Rad8 22.Bd3 Ne5 23.Nxe5 Bxe5 24.Bxe5 Rxe5 25.Nf1 Rde8
26.Ne3 Bc8 27.axb5 axb5 28.Kh2 R5e7 29.Ra1 Nd7 30.Qa5 Qxa5 31.Rxa5 c4 32.bxc4
Nc5 33.Bc2 b4 34.Rb1 b3 35.Bxb3 Nxe4 36.Kg1 f5 37.Ra8 f4 { ...1-0,
Kasimdzhanov Rustam 2650 - Stevic Hrvoje 2539 , Jahorina 2003 Ch Bosnia &
Herzegovina (team) } ) 18...Qc7 19.Qd2 c4 20.bxc4 bxc4 21.Qf4 Kh8 22.Nh4 Ng8
23.Qxf7 Bxa1 24.e5 { ? } ( 24.Rxa1 Rf8 25.Nxg6+ hxg6 26.Qxg6 Ne5 27.Qh5+ Qh7
28.Qe2 Qg7 29.Qh5+ Qh7 30.Qe2 Qg7 31.Qh5+ { } ) 24...Bxd5 25.Qxd5 Bxe5 26.Bxg6
Ndf6 27.Qf3 Rf8 28.Bc2 Rae8 29.Nh5 { ? } ( 29.Ngf5 Bh2+ 30.Kf1 Rxe1+ 31.Kxe1
Qa5+ 32.Kf1 Re8 33.Be3 Qxa2 34.Qd1 Be5 { } ) 29...d5 30.g3 Ne4 31.Bxe4 Rxf3
32.Bxf3 Qf7 33.Kg2 d4 34.g4 d3 35.Bc6 Bd4 { } {#R} 0-1

[Event "Tournament (provincial)"]
[Site "masterchessopen.com Holguin (Cuba)"]
[Date "2007.10.16"]
[Round "4"]
[White "Diaz Rider (CUB)"]
[Black "Nunez Jorge (CUB)"]
[Result "1-0"]
[WhiteElo "2238"]
[BlackElo "2275"]

1.e4 e5 2.Nf3 Nc6 3.Bb5 a6 4.Ba4 Nf6 5.O-O Be7 6.Re1 b5 7.Bb3 d6 8.c3 O-O 9.h3
Nb8 10.d4 Nbd7 11.Nbd2 Bb7 12.Bc2 Re8 13.Nf1 Bf8 14.Ng3 g6 15.a4 Nb6 16.a5
Nbd7 17.b3 d5 18.Nxe5 Nxe4 19.Nxe4 dxe4 20.Ng4 f5 21.Nh2 Qf6 22.Bb2 Rad8
23.Qd2 f4 24.c4 b4 25.Rab1 Qh4 26.d5 f3 27.Qd4 Nc5 28.Nxf3 {#r} 1-0

[Event "It (open)"]
[Site "masterchessopen.com Evry (France)"]
[Round "1"]
[White "Delessard Michel (FRA)"]
[Black "Dicko Henri (FRA)"]
[Result "0-1"]
[WhiteElo "1564"]
[BlackElo "2191"]

1.e4 e5 2.Nf3 Nc6 3.Bb5 a6 4.Ba4 Nf6 5.O-O Be7 6.Re1 b5 7.Bb3 d6 8.h3 O-O 9.c3
Nb8 10.d4 Nbd7 11.Nbd2 Bb7 12.Bc2 Re8 13.Nf1 Bf8 14.Ng3 g6 15.Be3 exd4 16.Bxd4
c5 17.Bxf6 Qxf6 18.Qd2 Ne5 19.Nxe5 dxe5 20.Rad1 Rad8 21.Qe2 c4 22.a4 Bc5
23.axb5 axb5 24.b3 b4 25.bxc4 bxc3 26.Nf1 Rd4 27.Ne3 Red8 28.Nd5 Bxd5 29.cxd5
Rb8 30.Rxd4 Bxd4 31.Kf1 Rb2 32.f3 Qf4 33.Rd1 Qh2 34.Rxd4 exd4 35.Qd3 Qh1+
36.Kf2 Qc1 37.Qxd4 Rxc2+ 38.Kg3 Qg5+ {#R} 0-1

[Event "Ch World (juniors) (under 14)"]
[Site "masterchessopen.com Kemer (Turkey)"]
[Date "2007.11.24"]
[Round "7"]
[White "Farid Firmansyah (INA)"]
[Black "Straka Josef Jr (SVK)"]
[Result "1-0"]
[WhiteElo "2142"]
[BlackElo "2039"]

1.e4 e5 2.Nf3 Nc6 3.Bb5 a6 4.Ba4 Nf6 5.O-O Be7 6.Re1 b5 7.Bb3 d6 8.c3 O-O 9.h3
Nb8 10.d4 Nbd7 11.Nbd2 Bb7 12.a4 c5 13.d5 g6 14.Nf1 Nh5 15.Bh6 Re8 16.Qd2 Bf8
17.Kh2 Bxh6 18.Qxh6 Qf6 19.axb5 axb5 20.c4 Qf4+ 21.Qxf4 Nxf4 22.cxb5 Nd3
23.Rxa8 Rxa8 24.Re2 Nc1 25.Re3 Nxb3 26.Rxb3 f5 27.Ne3 fxe4 28.Nd2 Nf6 29.Ndc4
Rd8 30.b6 Kf8 31.Ra3 Nxd5 32.Na5 Nxe3 33.Nxb7 Rb8 34.fxe3 Ke7 35.Ra6 Ke6
36.Na5 Kd5 37.b7 {#r} 1-0

[Event "Ch Slovenia (team) (1 league) West"]
[Site "masterchessopen.com Ljubljana (Slovenia)"]
[Date "2007.11.24"]
[Round "8"]
[White "Plaskan Jure (SLO)"]
[Black "Budihna Kristijan (SLO)"]
[Result "1-0"]
[WhiteElo "2103"]
[BlackElo "2012"]

1.e4 e5 2.Nf3 Nc6 3.Bb5 a6 4.Ba4 Nf6 5.O-O Be7 6.Re1 b5 7.Bb3 O-O 8.h3 d6 9.c3
Nb8 10.d4 Nbd7 11.Nbd2 Bb7 12.Bc2 Re8 13.Nf1 Bf8 14.Ng3 g6 15.a4 c5 16.d5 c4
17.Bg5 h6 18.Be3 Nc5 19.Nh2 h5 20.Qf3 Be7 21.Ngf1 Qc7 22.Nd2 Reb8 23.Qe2 Ncd7
24.Rf1 Re8 25.f4 exf4 26.Rxf4 Bxd5 27.exd5 Nxd5 28.Re4 N7f6 29.Bd4 Nxe4
30.Bxe4 Bf6 31.Qf3 Bxd4+ 32.cxd4 {#r} 1-0

[Event "Memorial M.Chigorin (open) ( b)"]
[Site "masterchessopen.com St. Petersburg (Russia)"]
[Date "2007.12.06"]
[Round "6"]
[White "Lelekova Olga (RUS)"]
[Black "Khuseinkhodzhaev Muhammad (TJK)"]
[Result "0-1"]
[WhiteElo "2230"]
[BlackElo "2377"]

1.e4 e5 2.Nf3 Nc6 3.Bb5 a6 4.Ba4 Nf6 5.O-O Be7 6.Re1 b5 7.Bb3 d6 8.c3 O-O 9.h3
Nb8 10.d4 Nbd7 11.Nbd2 Bb7 12.a4 c5 13.axb5 axb5 14.Rxa8 Qxa8 15.d5 c4 16.Bc2
Rb8 17.Nf1 Qa2 18.Re3 Nf8 19.N3h2 Bc8 20.Rg3 Ng6 21.Ne3 Bf8 22.Nf5 Kh8 23.Bg5
Qxb2 24.Bxf6 gxf6 25.Ng4 Ra8 26.Kh2 Ra1 27.Qd2 Qc1 28.Qxc1 Rxc1 29.Nge3 Bxf5
30.exf5 Ne7 31.h4 Bh6 {#R} 0-1

[Event "Ch Central Serbia"]
[Site "masterchessopen.com Vrnjacka Banja (Serbia)"]
[Date "2007.12.16"]
[Round "9"]
[White "Sredojevic Ivan (SRB)"]
[Black "Abramovic Bosko (SRB)"]
[Result "1-0"]
[WhiteElo "2357"]
[BlackElo "2508"]

1.e4 e5 2.Nf3 Nc6 3.Bb5 a6 4.Ba4 Nf6 5.O-O Be7 6.Re1 b5 7.Bb3 O-O 8.h3 d6 9.c3
Nb8 10.d4 Nbd7 11.Nbd2 Bb7 12.a4 c5 13.Qe2 Qb6 14.d5 Nh5 15.c4 bxa4 16.Bxa4
Qc7 17.Ra3 g6 18.Nb3 Nb6 19.Bh6 Rfb8 20.Nc1 Nxa4 21.Rxa4 Bc8 22.Nd3 Bd7 23.Ra3
Rb6 24.Nd2 Rab8 25.g4 Ng7 26.f4 exf4 27.Bxf4 h5 28.e5 hxg4 29.hxg4 Qc8 30.exd6
Bxg4 31.Qxe7 {#r} 1-0

[Event "It (open)"]
[Site "masterchessopen.com Pamplona (Spain)"]
[Date "2007.12.29"]
[Round "9"]
[White "Cortes Bueno Jesus Javier (ESP)"]
[Black "Lakunza Juan Carlos (ESP)"]
[Result "0-1"]
[WhiteElo "2305"]
[BlackElo "2128"]

1.e4 e5 2.Nf3 Nc6 3.Bb5 a6 4.Ba4 Nf6 5.O-O Be7 6.Re1 b5 7.Bb3 d6 8.c3 O-O 9.h3
Nb8 10.d4 Nbd7 11.Nbd2 Bb7 12.Bc2 Re8 13.Nf1 Bf8 14.Ng3 g6 15.a4 c5 16.d5 c4
17.Bg5 Bg7 18.Qd2 Qc7 19.Nh2 Nc5 20.f4 Nxa4 21.Bxa4 bxa4 22.fxe5 Rxe5 23.Nf3
Ree8 24.Rxa4 Nd7 25.Kh1 Qc5 26.Nd4 Ne5 27.Rf1 Bc8 28.Raa1 Rb8 29.Bf6 Bxf6
30.Rxf6 Qb6 31.Raf1 Qxb2 32.Qh6 Qxc3 33.Ne6 Bxe6 34.dxe6 fxe6 35.Ne2 Qd3
36.R6f2 Qxe4 37.Nf4 {#R} 0-1